Corporacions locals i Europa : 1a jornada, 10 de desembre de 1991 1a jornada, 10 de desembre de 1991
Descripción Física:
1 carpeta ; 31 cm
MARC
| LEADER | 00000nam a2200000Ia 4500 | ||
|---|---|---|---|
| 001 | 20507 | ||
| 008 | 160829s1991 xx 000 0 cat d | ||
| 080 | |a M-6-48 | ||
| 245 | |a Corporacions locals i Europa : |b 1a jornada, 10 de desembre de 1991 | ||
| 260 | |a Barcelona : |b Diputació de Barcelona. Servei de Promoció Econòmica, |c 1991 | ||
| 300 | |a 1 carpeta ; |c 31 cm | ||
| 590 | |a Inclou: Fulletó amb el programa de la jorna. Informe final de la jornada titulat 'Una nueva estrategia para la cohesión económica y social después de 1992' (70 p.). | ||
| 650 | |a Administració local |x Aspectes socials |x Europa |9 45766 | ||
| 650 | |a Administració local |x Aspectes econòmics |x Europa |9 45767 | ||
| 710 | |a Barcelona (Catalunya : Província). |b Servei de Promoció Econòmica |9 53915 | ||
| 901 | |a Arxiu | ||
| 942 | |n 1 | ||
| 952 | |0 0 |1 0 |4 0 |6 M648 |7 1 |9 52798 |a Arxiu |b Arxiu |d 2016-12-01 |l 0 |o M-6-48 |p 20507 |r 2016-12-01 00:00:00 |w 2016-12-01 |y ARXIU | ||
| 999 | |c 56647 |d 56647 | ||